00371nam a2200109Ia 4500008004100000050002900041100002500070245004000095260008600135300002800221521001200249140724s9999 xx 000 0 und d aTX 911.3.M27b.C834 2011 aCoscolluella, Alman. aBarbeque Myx /cAlman Coscolluella. aLas Piñas, Philippines :bSouthville International School and Colleges,cc2011. a26 p. :bill. ;c28 cm. aTourism